Bulletin of the Museum of Comparative Zoology (Registro nro. 16787)

Detalles MARC
000 -CABECERA
Campo de control 01167cas a2200241 a 4500
005 - FECHA Y HORA DE LA ULTIMA TRANSACCION
Campo de control 20170526161124.0
008 - ELEMENTOS DE LONGITUD FIJA—INFORMACION GENERAL
Campo de control 750920c18639999mau x m 0 a0eng
022 0# - ISSN
ISSN 0027-4100
040 ## - FUENTE DE CATALOGACIÓN
Agencia catalogadora original DLC
Agencia transcriptora MUL
Agencia Modificadora FUL
-- COO
-- HUL
-- OCL
-- NYG
-- AIP
-- HUL
-- AIP
-- OCL
-- AIP
-- AGL
-- NSD
-- DLC
-- NST
-- DLC
-- NST
-- IUL
-- NST
-- SYS
-- GUA
-- OCLCQ
-- NLM
-- OCLCQ
-- NLGGC
-- OCLCQ
-- IUL
-- NSD
-- TJC
-- KRTAS
-- OCLCQ
-- AMAZN
-- CUS
-- UKMGB
-- OCLCF
-- CUS
-- AU@
-- CUS
-- CGU
-- EUW
-- OCLCQ
-- OCL
-- CO-BoIAVH
041 0# - IDIOMA
Código de idioma para texto/pista de sonido o título separado Inglés
044 ## - PAÍS DE PUBLICACIÓN
País de publicación Estados Unidos
090 ## - CLASIFICACIÓN LOCAL
Colección SE
245 00 - MENCION DE TITULO
Título Bulletin of the Museum of Comparative Zoology
246 15 - FORMA VARIANTE DEL TITULO
Título propiamente dicho/forma breve del título Bulletin of the Museum of Comparative Zoology at Harvard College
Date or sequential designation 1863-1963
260 ## - PUBLICACION, DISTRIBUCION, ETC. (PIE DE IMPRENTA)
Lugar de publicación, distribución, etc. Cambridge (Massachusetts, EE. UU.) :
Nombre del editor, distribuidor, etc. Harvard University,
Fecha de publicación, distribución, etc. 1863-
300 ## - DESCRIPCION FISICA
Otros detalles físicos ilustraciones ;
Dimensiones 24 - 25 cm.
650 26 - ASIENTO SECUNDARIO DE MATERIA - TERMINO TEMATICO
Término temático o nombre geográfico como elemento de entrada Zoología
Subdivisión de forma Publicaciones periódicas
9 (RLIN) 81666
650 26 - ASIENTO SECUNDARIO DE MATERIA - TERMINO TEMATICO
Término temático o nombre geográfico como elemento de entrada Animales
Subdivisión de forma Publicaciones periódicas
9 (RLIN) 81667
650 26 - ASIENTO SECUNDARIO DE MATERIA - TERMINO TEMATICO
Término temático o nombre geográfico como elemento de entrada Fauna
Subdivisión de forma Publicaciones periódicas
9 (RLIN) 81668
710 2# - ASIENTO SECUNDARIO - NOMBRE CORPORATIVO
Nombre corporativo o de jurisdicción como elemento de entrada Harvard University
Unidad subordinada Museum of Comparative Zoology
9 (RLIN) 81669
776 08 - ADDITIONAL PHYSICAL FORM ENTRY
Display text Online version:
Title Bulletin of the Museum of Comparative Zoology
International Standard Serial Number 1938-2987
Record control number (DLC) 2008215341
-- (OCoLC)81149128
942 ## - ELEMENTOS ADICIONALES (KOHA)
Sistema de clasificación Local
Tipo de ítem Periodica o revista
Serial record 1
Existencias
Withdrawn status Lost status Sistema de Clasificación Damaged status No para préstamo Colección Fecha publicación (Año) Volumen revista Número revista Inventariado Ubicación Permanente Ubicación actual Fecha de adquisición Datos de publicación Seriada Total Checkouts Número topográfico Inventario / Código de Barras Date last seen Ejemplar Price effective from Forma de adquisición Tipo de material
    Local     Hemeroteca 1977 148 4 Inventariado 2017 Bogotá Bogotá 26/05/2017 Vol 148, No 4   SE 006458 26/05/2017 Ej. 1 26/05/2017 Donación Periodica o revista
    Local     Hemeroteca 1961 125 4 Inventariado 2017 Bogotá Bogotá 26/05/2017 Vol 125, No 4   SE 024965 26/05/2017 Ej. 1 26/05/2017 Donación Periodica o revista
    Local     Hemeroteca 1963 129 9 Inventariado 2017 Bogotá Bogotá 26/05/2017 Vol 129, No 9   SE 024967 26/05/2017 Ej. 1 26/05/2017 Donación Periodica o revista
    Local     Hemeroteca 1956 115 5 Inventariado 2017 Bogotá Bogotá 26/05/2017 Vol 115, No 5   SE 024964 26/05/2017 Ej. 1 26/05/2017 Donación Periodica o revista
    Local     Hemeroteca 1965 134 4 Inventariado 2017 Bogotá Bogotá 26/05/2017 Vol 134, No 4   SE 024968 26/05/2017 Ej. 1 26/05/2017 Donación Periodica o revista
    Local     Hemeroteca 1962 128 1 Inventariado 2017 Bogotá Bogotá 26/05/2017 Vol 128, No 1   SE 024966 26/05/2017 Ej. 1 26/05/2017 Donación Periodica o revista
    Local     Hemeroteca 1971 141 5 Inventariado 2017 Bogotá Bogotá 26/05/2017 Vol 141, No 5   SE 006457 26/05/2017 Ej. 1 26/05/2017 Donación Periodica o revista